Languages of Balkans - Statistics

General Stats
  • This quiz has been taken 78 times
  • The average score is 11 of 11
Answer Stats
Countries Answer % Correct
Albania Albanian
100%
Kosovo Albanian | Serbian
100%
North Macedonia Macedonian | Albanian
100%
Croatia Croatian
99%
Serbia Serbian
99%
Bosnia and Herzegovina Serbian | Croatian | Bosnian
99%
Bulgaria Bulgarian
97%
Greece Greek
97%
Romania Romanian
97%
Slovenia Slovenian
96%
Montenegro Montenegrin
85%
No matching quizzes found
Score Distribution
Percent of People with Each Score
Percentile by Number Answered
Your Score History
You have not taken this quiz